00713nam a22002177a 450000500170000001000140001702000260003103500130005703700130007008200110008310000190009424500710011326000440018427000650022830000250029350000500031865000340036865000390040265000390044170000150048020100802141536.0 aENG-97809 a9788190849951c725.00 aEN-81342 bDBAD/PUB a338.88 aSherwani,N U K aGlobal business environment /cby N U K Sherwani [and] Mohd altaf  aNew DelhibEnkay Publishing Housec2011 a209,Hari Sadan 20, Ansari Road Darya GanjbNew Delhie100002 aviii,280pc21cm (Hb) aincludes bibliographical references and index aGlobalization economic aspets ainternational economic integration ainternational business enterprises aMohd Altaf